Statistics for Guess the Taylor Swift's song by the Chorus #2

Click here to take the quiz!

General Stats

  • This quiz has been taken 1,127 times
  • The average score is 13 of 15

Answer Stats

ChorusSong% Correct
" 'Cause baby, now we've got (... .....), you know it used to be mad love, so take a look what you've done, 'cause baby, now we've got (... .....), hey! Now we've got problems, and I don't think we can solve 'em, you made a really deep cut, and baby, now we've got (... .....), hey! "Bad Blood - 1989
99%
" You got that James Dean daydream look in your eye, and I got that red lip classic thing that you like, and when we go crashing down, we come back every time, 'cause we never go out of (.....), we never go out of (.....), you got that long hair, slicked back, white t-shirt, and I got that good girl faith and a tight little skirt, and when we go crashing down, we come back every time, 'cause we never go out of (.....), we never go out of (.....) "Style - 1989
99%
" (.... ..... ..), love made me crazy, if it doesn't, you ain't doin' it right, lord, save me, my drug is my baby, I'll be usin' for the rest of my life, (.... ..... ..), love made me crazy, if it doesn't, you ain't doin' it right, oh, Lord, save me, my drug is my baby, I'll be usin' for the rest of my life "Don't Blame Me - reputation
98%
" Can I go where you go? Can we always be this close? Forever and ever, ah, take me out, and take me home, you're my, my, my, my (.....) "Lover - Lover
98%
" I like shiny things, but I'd marry you with (..... .....), uh huh, that's right, arling, you're the one I want, and I hate accidents except when we went from friends to this, uh huh, that's right, darling, you're the one I want "Paper Rings - Lover
98%
" 'Causе there we arе again on that little town street, you almost ran the red 'cause you were lookin' over at me, wind in my hair, I was there, I remember it (... ... ....) "All Too Well (Taylor's Version) - Red (Taylor's Version)
96%
" But I can see us lost in the memory, (......) slipped away into a moment in time, 'cause it was never mine, and I can see us twisted in bedsheets, (......) sipped away like a bottle of wine, 'cause you were never mine "august - folklore
95%
" Say my name and everything just stops, I don't want you like a best friend, only bought this (.....) so you could take it off, take it off, ha, ha, ha-ah, carve your name into my bedpost, ’cause I don't want you like a best friend, only bought this (.....) so you could take it off, take it off, ha, ha, ha-ah "Dress - reputation
93%
" And I don't know how it gets better than this, you take my hand and drag me head first, (........), and I don't know why but with you I'd dance, in a storm in my best dress, (........) "Fearless (Taylor’s Version) - Fearless (Taylor’s Version)
91%
" Don't say yes, run away now, I'll meet you when you're out of the church, at the back door, don't wait or say a single vow, you need to hear me out, and they said, "(..... ...)" "Speak Now - Speak Now
91%
" But I miss screaming and fighting and kissing in the rain, and it's 2AM and I'm cursing your name, you're so in love that you act insane, and that's (... ... . ..... ...), breaking down and coming undone, it's a rollercoaster kind of rush, and I never knew I could feel that much, and that's (... ... . ..... ...) "The Way I Loved You (Taylor's Version) - Fearless (Taylor's Version)
87%
" 'Cause baby, I could build a castle, out of all the bricks they threw at me, and every day is like a battle, but every night with us is like a dream, baby, we're the (... .........), come on, come along with me, heartbreak is the national anthem, we sing it proudly, we are too busy dancing, to get knocked off our feet, baby, we're (... .........), the best people in life are free "New Romantics - 1989
86%
" Dom Pérignon, you brought it, no crowd of friends applauded, your hometown skeptics called it, (.......... ........), you had a speech, you're speechless, love slipped beyond your reaches, and I couldn't give a reason, (.......... ........) "champagne problems - evermore
83%
" Oh, goddamn, my pain fits in the palm of your freezing hand, taking mine, but it's been promised to another, oh, I can't, stop you putting roots in my dreamland, my house of stone, your ivy grows, and now I'm covered in you "ivy - evermore
81%
" And I never (I never), saw you comin', and I'll never (Never), be the same "State of Grace (Taylor’s Version) - Red (Taylor's Version)
45%

Score Distribution

Percentile by Number Answered

Percent of People with Each Score

Your Score History

You have not taken this quiz